000 01854nam2a2200253 4500
001 RU\NLR\BIBL_A\022522256
005 20260409073257.0
035 _a(NLR Aleph) 022522256
090 _a13399294
_c13399294
100 _a20250415d2024 u y0rusy50 ca
101 0 _arus
102 _aRU
200 1 _aМеждународная научно-практическая конференция "Индустриальное программирование - 2024"
_dInternational scientific and practical conference "Enterprise programming - 2024"
_zeng
210 _d2024
461 0 _1001RU\NLR\Per\1088298
_12001#$aComputational nanotechnology$dВычислительные нaнотехнологии$eнаучный рецензируемый журнал$eрецензируемое научное периодическое издание$fИзд. дом "Юр-ВАК"$zrus$vТ. 11, № 5 (спецвып.)
_910367412
_cМосква
_d2014 -
_fИзд. дом "Юр-ВАК"
_lВычислительные нaнотехнологии
_nЮр-ВАК
_oнаучный рецензируемый журнал : рецензируемое научное периодическое издание
_tComputational nanotechnology
_x2313-223X
_vТ. 11, № 5 (спецвып.)
510 1 _aInternational scientific and practical conference "Enterprise programming - 2024"
_zeng
606 _aПрограммирование (компьют.)
_jСъезды, совещания и т.п
_92081275
_3RU\NLR\AUTH\661257252
686 1 _aЗ973.2-018я431(0)
710 1 2 _a"Индустриальное программирование - 2024", международная научно-практическая конференция
_eМосква
_92658867
_3RU\NLR\AUTH\880626499
852 _aNLR
_jП2/1116
942 _cISSUE
980 _aRUSPER
980 _aNB